NCAA College Softball Teams Quiz - Statistics

General Stats
  • This quiz has been taken 582 times
    556 since last reset
  • The average score is 90 of 295
Answer Stats
Conference School % Correct
Southeastern Florida
82%
Big 12 Texas
82%
Big 12 Oklahoma
80%
Pac-12 UCLA
78%
Southeastern Alabama
74%
Atlantic Coast Florida State
68%
Atlantic 10 George Washington
68%
Southeastern Georgia
68%
Mid-American Ohio
67%
Ivy League Harvard
66%
Pac-12 Oregon
66%
Pac-12 Arizona
65%
Big Ten Michigan
65%
Southeastern Tennessee
65%
Pac-12 Washington
65%
Southeastern Louisiana State
64%
Atlantic Coast North Carolina
61%
Big 12 Oklahoma State
60%
Southeastern South Carolina
60%
Big Ten Iowa
59%
Pac-12 Stanford
59%
Southeastern Texas A&M
59%
Southeastern Kentucky
58%
Pac-12 California
57%
Atlantic Coast Duke
57%
Pac-12 Arizona State
56%
Southeastern Arkansas
56%
Big 12 Kansas
55%
Southeastern Mississippi
55%
Big Ten Ohio State
55%
Atlantic Coast Virginia
55%
Ivy League Yale
55%
Big Ten Indiana
54%
Big 12 Texas Tech
54%
Pac-12 Utah
54%
Big Ten Pennsylvania State
53%
Big Ten Wisconsin
53%
Big Ten Illinois
52%
Southeastern Missouri
52%
Big Ten Minnesota
51%
Big Ten Michigan State
50%
Big Ten Nebraska
50%
Ivy League Princeton
50%
Big Ten Maryland
49%
Atlantic Coast Miami (Florida)
49%
Mid-American Miami (Ohio)
49%
Big 12 Iowa State
48%
Pac-12 Oregon State
48%
Ivy League Brown
47%
Atlantic Coast Georgia Tech
47%
Big Sky North Dakota
47%
America East Maine
45%
Southeastern Mississippi State
45%
Big Ten Northwestern
45%
The Summit South Dakota
45%
Atlantic Coast Virginia Tech
45%
Big Sky Montana
44%
Southeastern Auburn
43%
Big 12 Baylor
43%
American Central Florida
43%
Atlantic Coast North Carolina State
43%
Pac-12 USC
43%
West Coast BYU
42%
American Connecticut
42%
Ivy League Cornell
42%
Mountain West New Mexico
42%
Big West Hawaiʻi
41%
Mountain West Nevada
41%
Southwestern Southern
41%
Ivy League Dartmouth
40%
Big Ten Purdue
40%
Big Ten Rutgers
40%
Ivy League Columbia
39%
Atlantic Coast Notre Dame
39%
Mountain West Colorado State
38%
Sun Belt Georgia State
38%
American Houston
38%
Colonial Athletic James Madison
38%
Atlantic Coast Louisville
38%
Atlantic Coast Boston College
37%
Sun Belt Texas State
37%
Mountain West Utah State
37%
Southwestern Jackson State
36%
Atlantic 10 Rhode Island
36%
Southwestern Alabama State
35%
Missouri Valley Indiana State
35%
Ivy League Pennsylvania
35%
West Coast San Diego
35%
American South Florida
35%
Mountain West Boise State
34%
Missouri Valley Northern Iowa
34%
Colonial Athletic Delaware
33%
Missouri Valley Missouri State
33%
The Summit South Dakota State
33%
Big Sky Idaho State
32%
Atlantic Sun Jacksonville
32%
Western Athletic New Mexico State
32%
The Summit North Dakota State
32%
Mountain West UNLV
32%
Patriot League Army
31%
Conference USA Florida Atlantic
31%
Mid-American Northern Illinois
31%
Mountain West San Diego State
31%
Horizon League Illinois Chicago
30%
Atlantic Coast Pittsburgh
30%
Big South Liberty
29%
West Coast Loyola Marymount
29%
Atlantic 10 Massachusetts
29%
Mid-American Ball State
28%
Big West Cal State Fullerton
28%
American East Carolina
28%
Big East Georgetown
28%
Missouri Valley Illinois State
28%
American Memphis
28%
Big East Creighton
27%
Mountain West Fresno State
27%
Conference USA Louisiana Tech
27%
Sun Belt South Alabama
27%
Southland Stephen F. Austin State
27%
Atlantic 10 St. Louis
27%
Ohio Valley Tennessee State
27%
Big East Villanova
27%
Conference USA Western Kentucky
27%
America East Albany
26%
Patriot League Boston University
26%
Mid-American Bowling Green State
26%
Mid-American Buffalo
26%
Missouri Valley Drake
26%
Conference USA Florida International
26%
Missouri Valley Loyola Chicago
26%
Atlantic Sun North Florida
26%
Missouri Valley Southern Illinois
26%
Big East St. John's
26%
Big West UC Santa Barbara
26%
Mid-American Western Michigan
26%
American Wichita State
26%
Ohio Valley Eastern Kentucky
25%
Sun Belt Georgia Southern
25%
Mid-American Kent State
25%
Sun Belt Louisiana Monroe
25%
Big East Providence
25%
Mid-Eastern South Carolina State
25%
Mid-American Toledo
25%
America East UMBC
25%
Mid-American Central Michigan
24%
Sun Belt Coastal Carolina
24%
Atlantic 10 George Mason
24%
Western Athletic Seattle
24%
Conference USA UAB
24%
Big West UC Davis
24%
Sun Belt UL Lafayette
24%
Conference USA UNC Charlotte
24%
Conference USA UTEP
24%
Conference USA UTSA
24%
Southwestern Alabama A&M
23%
Ohio Valley Austin Peay State
23%
Southland Central Arkansas
23%
Atlantic 10 Dayton
23%
Mid-American Eastern Michigan
23%
Mid-Eastern Florida A&M
23%
Atlantic Sun Florida Gulf Coast
23%
Ohio Valley Jacksonville State
23%
The Summit Nebraska Omaha
23%
Conference USA North Texas
23%
Mountain West San José State
23%
Big East Seton Hall
23%
Conference USA Southern Mississippi
23%
West Coast St. Mary's
23%
Big East Butler
22%
Big West Cal Poly
22%
Big South Campbell
22%
Horizon League Cleveland State
22%
Mid-Eastern Delaware State
22%
Big East DePaul
22%
Atlantic 10 Fordham
22%
Western Athletic Grand Canyon
22%
Metro Atlantic Iona
22%
Big West Long Beach State
22%
Atlantic Sun Stetson
22%
Ohio Valley Tennessee Tech
22%
Sun Belt Troy
22%
American Tulane
22%
Colonial Athletic UNC Wilmington
22%
Sun Belt Appalachian State
21%
Ohio Valley Belmont
21%
America East Binghamton
21%
Patriot League Bucknell
21%
Colonial Athletic Charleston
21%
Big South Longwood
21%
Conference USA Marshall
21%
Conference USA Middle Tennessee State
21%
Big Sky Portland State
21%
Northeast St. Francis
21%
America East Stony Brook
21%
Metro Atlantic St. Peter's
21%
Big West UC Riverside
21%
America East UMass Lowell
21%
Atlantic Sun USC Upstate
21%
The Summit Western Illinois
21%
Missouri Valley Bradley
20%
Big West Cal State Northridge
20%
Patriot League Colgate
20%
Ohio Valley Eastern Illinois
20%
Mid-Eastern Howard
20%
Atlantic Sun Lipscomb
20%
Metro Atlantic Marist
20%
Southland McNeese State
20%
Big Sky Sacramento State
20%
Atlantic 10 St. Joseph's
20%
Southern UNC Greensboro
20%
Southwestern Alcorn State
19%
Southwestern Arkansas Pine Bluff
19%
Mid-Eastern Bethune-Cookman
19%
Northeast Bryant
19%
Colonial Athletic Drexel
19%
Colonial Athletic Elon
19%
Metro Atlantic Fairfield
19%
Southwestern Grambling State
19%
America East Hartford
19%
Atlantic Sun Kennesaw State
19%
Patriot League Lafayette
19%
Metro Atlantic Manhattan
19%
Southern Mercer
19%
Metro Atlantic Monmouth
19%
Ohio Valley Murray State
19%
Metro Atlantic Niagara
19%
Mid-Eastern Norfolk State
19%
Big Sky Northern Colorado
19%
Horizon League Oakland
19%
Big South Radford
19%
Metro Atlantic Rider
19%
Metro Atlantic Siena
19%
Ohio Valley Southeast Missouri State
19%
Western Athletic UM Kansas City
19%
Sun Belt UT Arlington
19%
Horizon League UW–Green Bay
19%
Big South Winthrop
19%
Metro Atlantic Canisius
18%
Western Athletic CSU Bakersfield
18%
Southern East Tennessee State
18%
Big South Gardner-Webb
18%
Mid-Eastern Hampton
18%
Patriot League Holy Cross
18%
Northeast LIU Brooklyn
18%
Ohio Valley Morehead State
18%
Mid-Eastern Morgan State
18%
Horizon League Northern Kentucky
18%
Northeast Sacred Heart
18%
Southland Sam Houston State
18%
Atlantic 10 St. Bonaventure
18%
Ohio Valley UT Martin
18%
Big Sky Weber State
18%
Horizon League Youngstown State
18%
Northeast Central Connecticut State
17%
Mid-Eastern Coppin State
17%
Missouri Valley Evansville
17%
Northeast Fairleigh Dickinson
17%
Southern Furman
17%
Colonial Athletic Hofstra
17%
Southland Lamar
17%
Patriot League Lehigh
17%
Southwestern Mississippi Valley State
17%
Mid-Eastern North Carolina A&T State
17%
Big South Presbyterian
17%
Metro Atlantic Quinnipiac
17%
Southern Samford
17%
West Coast Santa Clara
17%
Ohio Valley SIU Edwardsville
17%
Big Sky Southern Utah
17%
Colonial Athletic Towson
17%
Southern Western Carolina
17%
Southland Abilene Christian
16%
Big South Charleston Southern
16%
Southland Houston Baptist
16%
Northeast Mount St. Mary's
16%
Southland Northwestern State
16%
West Coast Pacific
16%
Southland Southeastern Louisiana
16%
Southland TAMU–Corpus Christi
16%
Southwestern Texas Southern
16%
Mid-Eastern UMES
16%
Western Athletic Utah Valley
16%
Missouri Valley Valparaiso
16%
Northeast Wagner
16%
Atlantic 10 La Salle
15%
Southland Nicholls State
15%
Mid-Eastern North Carolina Central
15%
Northeast Robert Morris
15%
Southern UT Chattanooga
15%
Horizon League Wright State
15%
Southland Incarnate Word
14%
The Summit Purdue Fort Wayne
14%
Southwestern Prairie View A&M
13%
Horizon League Detroit Mercy
12%
Mid-Eastern Savannah State
8%
No matching quizzes found
Score Distribution
Percent of People with Each Score
Percentile by Number Answered
Your Score History
You have not taken this quiz since the last reset